Les metaux precieux / (Record no. 141527)

MARC details
000 -LEADER
campo de control de longitud fija 00458nam a2200157 i 4500
001 - NÚMERO DE CONTROL
campo de control 141527
003 - IDENTIFICADOR DE NÚMERO DE CONTROL
campo de control ES-MaACL
007 - CAMPO FIJO DE DESCRIPCIÓN FÍSICA--INFORMACIÓN GENERAL
campo de control de longitud fija t|
008 - DATOS DE LONGITUD FIJA--INFORMACIÓN GENERAL
campo de control de longitud fija 070925s1922 fr ||||1| fre d
100 1# - ENTRADA PRINCIPAL--NOMBRE DE PERSONA
Nombre de persona Voisin, Jean.
9 (RLIN) 115681
245 14 - MENCIÓN DEL TÍTULO
Título Les metaux precieux /
Mención de responsabilidad, etc. par Jean Voisin ; préface de M. Hanriot.
260 ## - PUBLICACIÓN, DISTRIBUCIÓN, ETC.
Lugar de publicación, distribución, etc. Paris :
Nombre del editor, distribuidor, etc. J.-B. Baillière et Fils,
Fecha de publicación, distribución, etc. 1922.
300 ## - DESCRIPCIÓN FÍSICA
Extensión X, 264 p. :
Otras características físicas il. ;
Dimensiones 23 cm.
700 1# - ENTRADA AGREGADA--NOMBRE PERSONAL
Nombre de persona Hanriot, M.
9 (RLIN) 61750
852 ## - LOCALIZACIÓN
Ubicación ES-MaACL
Número de control de estantería B-1647
Holdings
Estatus retirado Estado de pérdida Estado de daño No para préstamo Biblioteca de origen Biblioteca actual Ubicación en estantería Fecha de adquisición Fuente de adquisición Total de préstamos Signatura topográfica completa Código de barras Visto por última vez Precio de reemplazo Tipo de ítem Koha
        Biblioteca del Ateneo de Madrid Biblioteca del Ateneo de Madrid Sala Pardo Bazán 17/01/2008     B-1647 1147263 23/02/2023 23/02/2023 Libro impreso